000 00265nam a2200097Ia 4500
001 1016433
005 20250826230920.0
008 250824s9999 xx 000 0 und d
245 0 _aKUNDUZ TOYA VE GİZLİ DİNLEYİCİ
_cASUMAN SARITAŞ
260 _bÇAMLICA YAYINLARI
999 _c1016433
_d1016433